<The> Change Masters Innovation and Entrepreneurship in the American Corporation
Na minha lista:
| Autor principal: | |
|---|---|
| Formato: | Livro |
| Idioma: | inglês |
| Publicado em: |
New York
Simon and Schuster
1983
|
| Edição: | 1. ed. |
| Assuntos: | |
| Tags: |
Sem tags, seja o primeiro a adicionar uma tag!
|
MARC
| LEADER | 00000nam a2200000 4500 | ||
|---|---|---|---|
| 001 | c010521 | ||
| 005 | 20221207073641.3 | ||
| 020 | |a 0-671-52800-9 | ||
| 041 | 0 | |a eng | |
| 044 | |a US | ||
| 245 | 1 | 0 | |a <The> Change Masters |b Innovation and Entrepreneurship in the American Corporation |c Rosabeth Moss Kanter |
| 250 | |a 1. ed. | ||
| 264 | 1 | |a New York |b Simon and Schuster |c 1983 | |
| 300 | |a 432 s. | ||
| 610 | 2 | 0 | |a podnik |
| 610 | 2 | 0 | |a podnikanie |
| 610 | 2 | 0 | |a reorganizácia |
| 610 | 2 | 0 | |a inovácia |
| 610 | 2 | 0 | |a reorganizácia |
| 610 | 2 | 0 | |a zamestnanci |
| 610 | 2 | 0 | |a účasť na riadení |
| 610 | 2 | 0 | |a USA |
| 610 | 2 | 0 | |a zmeny technologické |
| 100 | 1 | |a Kanter, Rosabeth Moss | |